| 000 | 01057cam a2200277 a 4500 | ||
|---|---|---|---|
| 001 | vtls003248984 | ||
| 003 | MY-SjTCS | ||
| 005 | 20200226115732.0 | ||
| 008 | 121213r20101999ii af b 001 0 eng d | ||
| 020 | _a9788123906355 (hbk.) | ||
| 020 | _a8123906358 (hbk.) | ||
| 039 | 9 |
_a201303061355 _bpushpa _y201212131604 _zmalathy |
|
| 082 | 0 | 4 |
_a615.19 _bIDE 2010 |
| 245 | 0 | 0 |
_aIdentification of drugs in pharmaceutical formulations by thin layer chromatography / _cP. D. Sethi ; associate editor, Dilip Charegaonkar. |
| 250 | _a2nd ed. | ||
| 260 |
_aNew Delhi : _bCBS Publishers, _c1999 [reprinted 2010] |
||
| 300 |
_axvi, 253 p., [4] p. of plates : _bill. (some col.) ; _c25 cm. |
||
| 504 | _aIncludes bibliographical references and index. | ||
| 650 | 0 |
_aDrugs _xAnalysis. _921009 |
|
| 650 | 0 |
_aChromatographic analysis. _921008 |
|
| 650 | 0 |
_aThin layer chromatography. _944653 |
|
| 650 | 0 |
_aPharmaceutical chemistry. _921185 |
|
| 700 | 1 |
_aSethi, P. D. _q(Prabhu Dayal), _d1936- _968068 |
|
| 700 | 1 |
_aCharegaonkar, Dilip. _968069 |
|
| 920 | _aPHA : 193672 | ||
| 999 | _c152920 | ||